Normal view
MARC view
- اختارها وقدمها ماجد فخري
Entry Personal Name
001 - CONTROL NUMBER
- control field: 59380
003 - CONTROL NUMBER IDENTIFIER
- control field: JO-AjAnu
005 - DATE AND TIME OF LATEST TRANSACTION
- control field: 20230606083718.0
008 - FIXED-LENGTH DATA ELEMENTS
- fixed length control field: 230606|| aca||aabn | a|a d
040 ## - CATALOGING SOURCE
- Original cataloging agency: JO-AjAnu
- Transcribing agency: JO-AjAnu
100 ## - HEADING--PERSONAL NAME
- Personal name: اختارها وقدمها ماجد فخري
670 ## - SOURCE DATA FOUND
- Source citation: Work cat.: (JO-AjAnu)30286: اختارها وقدمها ماجد فخري, author, الفكر الاخلاقي العربي: الفقهاء والمتكلمون، ج1